000 00599nam a2200193Ia 4500
003 GCL
008 140319s9999 xx 000 0 ara d
040 _aGCL /
_cGCL
082 0 4 _a813.008
_bم ع
100 1 _aمحمد الخموسى الحناشى
245 1 0 _aعندما يغربل التراب /
_cمحمد الخموسى الحناشى
260 _a[S.N] :
_bدار المعارف للطباعة والنشر ،
_c1993
300 _a118 ص
490 _a
650 0 4 _aالادب العربى
650 0 4 _aالقصص العربية
650 0 4 _aالمجموعات
942 _2ddc
_cBK
999 _c55884
_d55884